| 000 | 00466nam a2200145Ia 4500 | ||
|---|---|---|---|
| 008 | 230917s9999||||xx |||||||||||||| ||und|| | ||
| 040 |
_e199674 _aMAIN |
||
| 041 | _aEnglish | ||
| 082 | _a891.43301731 SM64P:AK | ||
| 100 | _aमहीप सिंह | ||
| 245 | 0 | _aप्रेम सम्बन्धों की कहानियाँ | |
| 260 |
_aनई दिल्ली _bनमन प्रकाशन _c2009 |
||
| 300 | _a174 पृ. p. | ||
| 942 | _cHN | ||
| 999 |
_c169960 _d169960 |
||